000 00735nmc a2200277 a 4500
003 AR-BaBNM
005 20251128210224.0
008 011101s1998 ||||||||||||||000 | spa||
020 _a84-8063-356-5
040 _cAR-BaBNM
100 1 _aAlvarez Angulo, Teodoro
245 1 0 _aEl resumen escolar
_bteoría y práctica
250 _a1ª ed.
260 _aBarcelona
_bEdiciones Octaedro
_c1998
300 _a170 p.
_btablas, diagr.
490 0 _aRecursos
_vv. 26
500 _aContiene referencias bibliográficas
650 4 _aRESUMENES
650 4 _aLINGUISTICA
650 4 _aAPRENDIZAJE
653 _aENSENANZA DE LA LENGUA
653 _aPRAGMATICA
653 _aCOMPRENSION LECTORA
942 _cBK
998 _cRaquel
999 _c14567
_d14567